| 000 | 00443nam a2200157 i 4500 | ||
|---|---|---|---|
| 001 | 35201 | ||
| 003 | ES-MaACL | ||
| 005 | 20230906155056.0 | ||
| 007 | t| | ||
| 008 | 030212s1917 fr ||||1| fre d | ||
| 100 | 1 |
_aBorrell, Antoine. _930579 |
|
| 245 | 1 | 3 |
_aLa lutte contre le chomage _b: avant pendant et apres la guerre / _cAntoine Borrell. |
| 260 |
_aParis : _bH. Dunod, _c1917. |
||
| 300 |
_a336 p. ; _c22 cm. |
||
| 852 |
_aES-MaACL _jF-5758 |
||
| 999 |
_c35201 _d35201 |
||